000 00596nam a2200169Ia 4500
003 GCL
008 140319s9999 xx 000 0 ara d
040 _aGCL /
_cGCL
082 0 4 _a822.008
_bج م
100 1 _aجالزورذى، جون
245 1 0 _aملحمة اسرة فورسايت : صاحب الملك القصة الحائزة على جائزة نوبل سنة 1932 (هدية من الاديب عبدالفتاح الجمل) /
_cجالزورذى، جون
300 _a456 ص
490 _a
650 0 4 _aالادب الامريكى
650 0 4 _aجائزة نوبل
942 _2ddc
_cBK
999 _c39577
_d39577